| 000 | 00899nam a2200193 a 4500 | ||
|---|---|---|---|
| 001 | 000029289 | ||
| 005 | 20251120073733.0 | ||
| 008 | 110414s2009 dr ac 000 0 spa d | ||
| 040 |
_aDO-SdBNP _bspa _cBNPHU |
||
| 245 | 0 | 0 |
_aEvaluación sobre lecciones aprendidas e indentificación de las necesidades a partir de la incidencia del Consorcio de Educación Cívica en los centro educativos con los programas y proyectos reilizados entre 1998 y el 2008 / _cOlaya O. Dotel C., Sonia Castillo, Lariza Pumarol. |
| 246 | 1 | 4 | _aDoce años de lecciones aprendidas |
| 260 |
_aSanto Domingo : _bConsorcio de Educación Cívica _bPUCAMM, _c2009 _fEditora Búho |
||
| 300 |
_a64 p. ; : _bil., retrs. ; _c26 cm. |
||
| 700 | 1 |
_aDotel C. Olaya O. _956172 |
|
| 700 | 1 |
_aCastillo, Sonia _956173 |
|
| 700 | 1 |
_aPumarol, Lariza _956174 |
|
| 049 | _aBNPD | ||
| 710 | 2 |
_aPontificia Universidad Católica Madre y Maestra _9843 |
|
| 999 |
_c28781 _d28781 |
||